000 00773nam a2200253Ia 4500
003 OSt
005 20220923225435.0
006 a|||||r|||| 00| 0
007 ta
008 220922b |||||||| |||| 00| 0 hin d
024 _a268,333
037 _cTextual
040 _aARTS
_cARTS
_bhin
041 _2hin
_ahin
082 _aQ2:332A, 152N8
100 _aनीखरा, रामनाथ
_9156318
245 0 _aमहामुनि अगस्त्य
246 _ahināmuni agastya
260 _aदिल्ली
_b राधाकृष्ण प्रकाशन
_c1998
300 _a219पृ.
_ccm.
650 _aधर्म
942 _hQ2:332A, 152N8
_cTEXL
_2CC
999 _c378336
_d378336